000 00580nam a2200121Ia 4500
008 220620s9999||||xx |||||||||||||| ||und||
100 _aLucian Radu, Gabriel||Diaconu, Mirela||Carmen Litescu, Simona||Eremia, Sandra A. V.||Tache, Andreia
245 0 _aChapter Biosensors Applications on Assessment of Reactive Oxygen Species and Antioxidants
546 _aEnglish[eng]
650 _aComputing & information technology
856 _uhttps://library.oapen.org/bitstream/20.500.12657/48943/1/16449.pdf||https://library.oapen.org/bitstream/20.500.12657/48943/1/16449.pdf
942 _cEB
999 _c24689
_d24689